000 00670cam a2200253 4500
008 090401t1994 xxu||||| |||| 00| 0 eng d
020 _a0419188606
035 _a(Sirsi) u65467
041 _aeng
050 _a692.5
110 _aTweeds
_92990
245 _aSpon`s building costs guide for educational premises
260 _aLondon
_bE & F N Spon
_c1994
300 _axii, 233p. ; 24cm.
350 _a35
650 _aBUILT ENVIRONMENT-BUILDING COSTS
650 _aCOLLEGES
650 _aEDUCATIONAL BUILDINGS
650 _aBUILDING PRICE BOOKS
650 _aSCHOOLS
690 _aBUILT ENVIRONMENT-BUILDING COSTS
942 _n0
948 _c04/03/1997
999 _c94764
_d94764